Statistiken für VfB Stuttgart - Bundesliga-Rekordtorschützen (TOP 50)

Klicken Sie hier um das Quiz zu spielen!

Allgemein

  • Dieses Quiz wurde 83 mal gespielt
  • Das Durchschnittsergebnis liegt bei 16 aus 50

Antwortstatistiken

PlatzNameNationGeburtstagSpieleTore% Korrekt
6Mario GómezDeutschland / Spanien10.07.198516878
94%
4CacauDeutschland / Brasilien27.03.198126380
83%
15Giovane ElberBrasilien23.07.19728741
81%
10Krasimir BalakovBulgarien29.03.196623654
81%
7Fredi BobicDeutschland30.10.197114869
74%
5Jürgen KlinsmannDeutschland30.07.196415679
67%
11Martin HarnikÖsterreich / Deutschland10.06.198717352
62%
2Fritz WalterDeutschland21.07.1960216102
59%
1Karl AllgöwerDeutschland05.01.1957338129
59%
37Sasa KalajdzicÖsterreich / Serbien07.07.19975122
57%
21Vedad IbisevicBosnien-Herzegowina / U.S.A.06.08.19848633
57%
9Hansi MüllerDeutschland27.07.195714354
54%
16Kevin KuranyiDeutschland / Panama02.03.19829940
51%
32Sean DundeeDeutschland / Südafrika07.12.19727725
41%
24Christian GentnerDeutschland14.08.198527832
39%
28Guido BuchwaldDeutschland24.01.196132528
36%
45Thomas HitzlspergerDeutschland05.04.198212520
33%
33Daniel DidaviDeutschland21.02.199011324
32%
20Ionel GaneaRumänien10.08.197310734
32%
50Zdravko KuzmanovicSerbien / Schweiz22.09.19879617
32%
48Ciprian MaricaRumänien02.10.19859219
30%
46Bernd FörsterDeutschland03.05.195622220
29%
31Dieter HoeneßDeutschland07.01.19536425
29%
25Maurizio GaudinoDeutschland / Italien12.12.196617130
28%
18Ásgeir SigurvinssonIsland08.05.195519438
26%
3Hermann OhlicherDeutschland02.11.194931896
26%
19Hans EttmayerÖsterreich23.07.19469734
22%
38Jonathan AkpoborieNigeria / Deutschland20.10.19685821
22%
49Daniel GinczekDeutschland13.04.19914817
20%
40Eyjólfur SverrissonIsland03.08.196811021
19%
30Gilbert GressFrankreich / Schweiz17.12.194114926
16%
12Walter KelschDeutschland03.09.195520251
14%
27Willi EntenmannDeutschland25.09.194323728
14%
39Bo LarssonSchweden05.05.19448821
13%
35Didier SixFrankreich / Türkei21.08.19545923
13%
13Horst KöppelDeutschland17.05.194812444
13%
8Karl-Heinz HandschuhDeutschland30.11.194718564
13%
14Peter ReichertDeutschland04.08.196113942
13%
29Georg VolkertDeutschland28.11.19456026
12%
43Matthias SammerDeutschland05.09.19676320
10%
44Jan OlssonSchweden17.03.19446420
9%
26Silvio MeißnerDeutschland19.01.197316428
9%
42Adrian KnupSchweiz02.07.19685320
7%
36Dieter HöllerDeutschland03.09.19386023
7%
17Hartmut WeißDeutschland13.01.194210838
7%
41Klaus-Dieter SieloffDeutschland27.02.194214121
7%
23Manfred WeidmannDeutschland15.01.194523432
7%
34Wolfgang FrankDeutschland21.02.19515523
7%
47Rolf GeigerDeutschland16.10.19347019
6%
22Horst HaugDeutschland12.05.194613532
4%

Verteilung der Resultate

Perzentil nach korrekt beantworteten Fragen

Anzahl Personen mit jedem Resultat

Ihre Resultats-Entwicklung

Sie haben dieses Quiz noch nicht gespielt